Kofola je ďalší príbeh z garáže

Ako vznikla dnes významná spoločnosť, ktorá vyrába Kofolu a iné nealkoholické nápoje. Príchod Gréka Kostasa Samarasa do bývalého socialistického Československa. Obchod s ovocím, zeleninou a citrónovým koncentrátom. Prvá silnejšia značka na trhu - Jupi. Odkúpenie značky Kofola od farmaceutickej spolo...

Ausführliche Beschreibung

Gespeichert in:
Bibliographische Detailangaben
1. Verfasser: Haluza, Ivan
Format: Buchkapitel
Sprache:Slowakisch
Schlagworte:
Tags: Tag hinzufügen
Keine Tags, Fügen Sie das erste Tag hinzu!

MARC

LEADER 00000naa a2200000 4500
001 0169002
005 20231113081613.8
041 0 |a slo 
044 |a SK 
245 1 0 |a Kofola je ďalší príbeh z garáže  |c Ivan Haluza 
520 |a Ako vznikla dnes významná spoločnosť, ktorá vyrába Kofolu a iné nealkoholické nápoje. Príchod Gréka Kostasa Samarasa do bývalého socialistického Československa. Obchod s ovocím, zeleninou a citrónovým koncentrátom. Prvá silnejšia značka na trhu - Jupi. Odkúpenie značky Kofola od farmaceutickej spoločnosti. Kofola konkurentom Coca-Coly aj Pepsi. Vznik dcérskej spoločnosti v SR v roku 1998. Nový kapitál vo firme - investičná spoločnosť Enterprise Investors. 
610 2 0 |a nápoje nealkoholické 
610 2 0 |a produkty 
610 2 0 |a výroba 
610 2 0 |a investície 
610 2 0 |a firmy 
610 2 0 |a Slovensko 
610 2 0 |a podnikanie 
100 1 |a Haluza, Ivan